A history of Japan : from stone age to superpower /
সংরক্ষণ করুন:
| প্রধান লেখক: | |
|---|---|
| বিন্যাস: | গ্রন্থ |
| ভাষা: | ইংরেজি |
| প্রকাশিত: |
London :
Palgrave Macmillan,
2012.
|
| সংস্করন: | 3rd ed. |
| বিষয়গুলি: | |
| ট্যাগগুলো: |
কোনো ট্যাগ নেই, প্রথমজন হিসাবে ট্যাগ করুন!
|
MARC
| LEADER | 00000nam a2200000 4500 | ||
|---|---|---|---|
| 001 | 0000060434 | ||
| 005 | 20171002023720.0 | ||
| 008 | 170206s xx 000 0 eng d | ||
| 020 | |a 9780230346628 | ||
| 040 | |a Daystar |d JKimani | ||
| 050 | |a DS835 |b .J3H57 | ||
| 100 | |a Henshall, Kenneth G. | ||
| 245 | |a A history of Japan : |b from stone age to superpower / |c Kenneth G. Henshall. | ||
| 250 | |a 3rd ed. | ||
| 260 | |a London : |b Palgrave Macmillan, |c 2012. | ||
| 300 | |a xiv, 288 p ; |c cm. | ||
| 650 | |a Japan-- Civilization. | ||
| 908 | |a 170206 | ||
| 942 | |c G | ||
| 952 | |0 0 |1 0 |4 0 |6 DS_835_000000000000000_J3H57_2012 |7 0 |9 77041 |a DUA |b DUA |c GC |d 2017-09-28 |g 0.00 |l 0 |o DS835.J3H57 2012 |p BK0102282 |r 2017-09-28 00:00:00 |w 2017-09-28 |x 102282 |y G | ||
| 952 | |0 0 |1 0 |4 0 |6 DS_835_000000000000000_J3H57_2012 |7 0 |9 77042 |a DUA |b DUA |c GC |d 2017-09-28 |g 0.00 |l 0 |o DS835.J3H57 2012 |p BK0102283 |r 2017-09-28 00:00:00 |w 2017-09-28 |x 102283 |y G | ||
| 952 | |0 0 |1 0 |4 0 |6 DS_835_000000000000000_J3H57_2012 |7 0 |9 77043 |a DUN |b DUN |c GC |d 2017-09-28 |g 0.00 |l 0 |o DS835.J3H57 2012 |p BK0102284 |r 2017-09-28 00:00:00 |w 2017-09-28 |x 102284 |y G | ||
| 952 | |0 0 |1 0 |4 0 |6 DS_835_000000000000000_J3H57_2012 |7 0 |9 77044 |a DUN |b DUN |c GC |d 2017-09-28 |g 0.00 |l 0 |o DS835.J3H57 2012 |p BK0102285 |r 2017-09-28 00:00:00 |w 2017-09-28 |x 102285 |y G | ||
| 999 | |c 39441 |d 39441 | ||